000 00451nam a2200157Ia 4500
008 210716s2003 xx 000 0 und d
020 _a70530947
041 _aeng
082 _a574.192 KUCP
100 _aKuchel, Philip; Ralston, Gregory B.
245 _aSchaums outline of theory and problems of biochemistry.
250 _a2
260 _aNew Delhi
_bTata McGraw Hill Publishing Company Ltd
_c2003
300 _axi,559
650 _aBiochemistry
999 _c187307
_d187307